00739aab a2200169 i 4500001001000000003001000010005001700020008004100037040001900078041000800097100002500105245006200130300008000192520016200272650002200434773011300456768714001CO-MdFUSB20240423153331.0240423t2000 ag ||||| |||| 00| 0 spa d bspacCO-MdFUSB aspa1 aSolano, Liliaeautor10aDesafíos éticos al final del siglo 20c/ Lilia Solano aVolumen 19, número 1 y 2 (enero - junio, 2000), páginas: 78-79c; 27 cm aHay que volver a la noción de ser humano con otros como única posibilidad de ser. Y es que se trata de ser hombres y mujeres, personas; nunca individuos. 7aÉtica cristiana0 tIglesia y Misión049402gVolumen 19, número 1 y 2 (enero - junio, 2000), páginas: 78-79qpáginas: 78